000 00529nam a2200205Ia 4500
003 OSt
005 20220603043524.0
008 151021s9999 xx 000 0 und d
020 _a9966223231
040 _aMMU
_beng
_cMMU
_dMMU
050 _aPL 8010.4.N56 2004
100 _aNjogu,Kimani
245 _aReading Poetry as Dialogue /
_cKimani Njogu.
260 _aNairobi:
_bJKF,
_c 2004.
300 _a223 p. :
500 _aIncludes index
500 _aIncludes index
650 _a_Poetry
942 _2lcc
_cLOAN LOAN
999 _c14550
_d14550